000
00295nam a2200121Ia 4500
008
191201s2005 xx 000 0 und d
100
_a
NAAGARAZAN, R S
245
0
_a
Total Quality Management
260
_a
N. Delhi
_b
New Age International
_c
2005
300
_a
174
650
_a
MBA
942
_2
ddc
_c
BK
999
_c
159
_d
159